00436nam a2200157 4500003001100000005001700011008004100028020001500069040003900084041000800123082001300131100001800144245006200162260003400224650002000258LK-CoMWRAF20230907213417.0230907b1994 |||||||| |||| 00| 0 eng d a1879159155 aLK-CoMWRAFdLK-CoMWRAFeLK-CoMWRAF aeng a823bFER aFerrini, Paul aLove without conditions :bReflections of the christ mind aU.S.A. :bPaul Ferrini,c1994 aEnglish Fiction